Perspectiva Centroamericana y del Caribe/
Guardado en:
| Autor Corporativo: | |
|---|---|
| Formato: | Libro |
| Lenguaje: | Spanish |
| Publicado: |
San José, Costa Rica:
Instituto Centroamericano de Estudios Sociales,
1993-
|
| Materias: | |
| Etiquetas: |
Agregar Etiqueta
Sin Etiquetas, Sea el primero en etiquetar este registro!
|
MARC
| LEADER | 00000nam a22000007a 4500 | ||
|---|---|---|---|
| 003 | cru CIDCACS/IIS | ||
| 005 | 20190222145744.0 | ||
| 007 | ta | ||
| 008 | 190222s1993 cr b||p|r||||||0| ||spa d | ||
| 999 | |c 42196 |d 42196 | ||
| 040 | |c cru CIDCACS/IIS | ||
| 090 | |a REV1429 | ||
| 110 | 2 | |9 8345 |a Instituto Centroamericano de Estudios Sociales (Costa Rica) | |
| 245 | 1 | |a Perspectiva Centroamericana y del Caribe/ |c Instituto Centroamericano de Estudios Sociales | |
| 260 | |a San José, Costa Rica: |b Instituto Centroamericano de Estudios Sociales, |c 1993- | ||
| 270 | |e Apartado 75-2200, Coronado, San José, Costa Rica | ||
| 500 | |a EXISTENCIAS : 1993 1 (1) 1994 2 (5) 1995 3 (9, esp.) 1997 5 (13-14, 16) 1998 6 (18-19, 21) 1999 (24-27) 2000 8 (28,29,30,31) 2001 (35) | ||
| 500 | |a Bimestral | ||
| 650 | 0 | |9 71 |a DESARROLLO ECONOMICO Y SOCIAL | |
| 650 | 0 | |9 2111 |a CONSECUENCIAS SOCIALES | |
| 650 | 0 | |9 237 |a INVESTIGACION SOCIAL | |
| 651 | 0 | |9 308 |a CENTROAMERICA | |
| 942 | |2 ddc |c PP | ||
